000 01533nmm a2200313 a 4500
003 CO-CtgCURN
005 20250329165432.0
007 co cga---uuuuu
008 160531s2015 i eng d
040 _aCO-CtgCURN
_bspa
_ccoctgcurn
082 0 _aENF 2015
_bA189
100 1 _aAcuña Barrios, Briceida.
245 1 0 _aFactores clinicos y epidemiologicos asociados al cancer de cuello uterino, Cartagena 2010 - 2014
_h[electronic resource] /
_cBriceida Acuña Barrios, Wendy López Vásquez, María Angelica Martínez Mondol ; asesor, Anderson Díaz Pérez.
260 _aCartagena de Indias :
_bCorporación Universitaria Rafael Núñez,
_c2015.
300 _a1 CD-Rom :
_bil., tablas, graficas.
336 _2rdacontent
337 _2rdamedia
_asin mediacion
_bn
338 _2rdacarrier
_avolumen
_bnc
502 _aTrabajo de grado (Enfermera (o)). Corporación Universitaria Rafael Nuñez. Facultad de Ciencias de la Salud. Programa de Enfermeria, 2015.
504 _aIncluye bibliografia.
590 _aEnfemeria
650 0 _aEnfermeria
_vTesis y disertaciones academicas.
700 1 _aLópez Vásquez, Wendy.
700 1 _aMartínez Mondol, María Angelica.
700 1 _aDíaz Pérez, Anderson,
_easesor.
856 7 _uhttps://unicurn.sharepoint.com/:b:/s/biblioteca/EZwqaBQZ_5BAjehPJtQQ8d8BmXimR3lbbap3GYXIKKA2JA?e=ufqNAC
_zClick aqui para ver el recurso en texto completo
942 _hENF 2015
_iA189
_2ddc
_cTG
999 _c3893
_d3893